Nueva historia argentina : tomo 11 :

Guardado en:
Autor Principal: Suriano, Juan
Otros Autores: Lobato, Mirta Zaida
Formato: Libro
Publicado: Buenos Aires : Sudamericana
Materias:
Etiquetas: Agregar Etiqueta
Sin Etiquetas, Sea el primero en etiquetar este registro!
LEADER 01328nam a22002295a 4500
001 CEM.cems012744
005 20071101194715.0
008 130507b######################000#0#####d
003 CEMS
020 |a 9500717174 
082 0 4 |a Z982 
100 1 |a Suriano, Juan 
245 1 0 |a Nueva historia argentina :  |b tomo 11 :  |c Mirta Zaida Lobato y Juan Suriano 
260 |a Buenos Aires :  |b Sudamericana 
300 |a 587 p. 
505 0 |a Los primeros hombres -- Conquista, ocupación y organización colonial del territorio -- La reorganización de los territorios coloniales: el virreinato -- Revolución, república y confederación, 1806-1852 -- De la República escindida a la unidad de la Nación, 1852-1880 -- El progreso, la modernización y sus límites, 1880-1916 -- La Argentina de entreguerras, 1916-1943 -- El peronismo. Del golpe de Estado de 1943 al derrocamiento de Perón, 1943-1955 -- Del derrocamiento de Perón al golpe de Onganía, 1955-1966 -- Del derrocamiento de Illia al golpe de Videla, 1966-1976 -- La dictadura militar, 1976-1983 -- El retorno de la democracia, 1983-1991 
653 |a Historia 
653 |a Historia argentina 
653 |a Historia argentina-atlas 
653 |a Atlas histórico argentino 
700 1 |a Lobato, Mirta Zaida 
859 |a CEMS  |b BIB. CEMS - 11 de abril  |h Z982  |i Su77  |p 24061.07  |t Ej.1  |v XI  |3 XI